| 000 | 00598nam a2200229Ia 4500 | ||
|---|---|---|---|
| 003 | OSt | ||
| 005 | 20220928105558.0 | ||
| 006 | a|||||r|||| 00| 0 | ||
| 007 | ta | ||
| 008 | 220927b |||||||| |||| 00| 0 eng d | ||
| 024 | _a141740 | ||
| 037 | _cTextual | ||
| 040 |
_aSDCL _cSDCL _beng |
||
| 041 |
_2eng _aeng |
||
| 082 | _aY47.55'N4, L4 | ||
| 100 |
_aLasky Melvin F _9415884 |
||
| 245 | 0 | _aVoices in a revolution | |
| 260 |
_aLondon _bSecker and Warburg _c1974 |
||
| 300 |
_a36p _ccm. |
||
| 942 |
_hY47.55'N4, L4 _cTEXL _2CC |
||
| 999 |
_c731783 _d731783 |
||